<?xml version="1.0" encoding="UTF-8"?>
<record
    xmlns:xsi="http://www.w3.org/2001/XMLSchema-instance"
    xsi:schemaLocation="http://www.loc.gov/MARC21/slim http://www.loc.gov/standards/marcxml/schema/MARC21slim.xsd"
    xmlns="http://www.loc.gov/MARC21/slim">

  <leader>00756nam a22001817a 4500</leader>
  <controlfield tag="005">20231116103850.0</controlfield>
  <datafield tag="010" ind1=" " ind2=" ">
    <subfield code="a">HIN-126274</subfield>
  </datafield>
  <datafield tag="020" ind1=" " ind2=" ">
    <subfield code="a">9788195518579</subfield>
    <subfield code="c">300.00</subfield>
  </datafield>
  <datafield tag="035" ind1=" " ind2=" ">
    <subfield code="a">HN-98620</subfield>
  </datafield>
  <datafield tag="037" ind1=" " ind2=" ">
    <subfield code="b">DBAD/PUB</subfield>
  </datafield>
  <datafield tag="082" ind1=" " ind2=" ">
    <subfield code="a"> &#x915; </subfield>
  </datafield>
  <datafield tag="100" ind1=" " ind2=" ">
    <subfield code="a">&#x92D;&#x93E;&#x930;&#x926;&#x94D;&#x935;&#x93E;&#x91C;,&#x92E;&#x939;&#x947;&#x936; </subfield>
    <subfield code="9">58744</subfield>
  </datafield>
  <datafield tag="245" ind1=" " ind2=" ">
    <subfield code="a">&#x905;&#x935;&#x924;&#x93E;&#x930;&#x94B;&#x902; &#x915;&#x940;  &#x936;&#x94D;&#x930;&#x947;&#x937;&#x94D;&#x920; &#x915;&#x939;&#x93E;&#x928;&#x93F;&#x92F;&#x93E;/</subfield>
    <subfield code="c">&#x92E;&#x939;&#x947;&#x936; &#x92D;&#x93E;&#x930;&#x926;&#x94D;&#x935;&#x93E;&#x91C;  </subfield>
  </datafield>
  <datafield tag="260" ind1=" " ind2=" ">
    <subfield code="a">&#x928;&#x908; &#x926;&#x93F;&#x932;&#x94D;&#x932;&#x940; </subfield>
    <subfield code="b">&#x938;&#x941;&#x928;&#x940;&#x932; &#x938;&#x93E;&#x939;&#x93F;&#x924;&#x94D;&#x92F; &#x938;&#x926;&#x928; </subfield>
    <subfield code="c"> 2022 </subfield>
  </datafield>
  <datafield tag="270" ind1=" " ind2=" ">
    <subfield code="a">3320 - 21  , &#x91C;&#x91F;&#x935;&#x93E;&#x921;&#x93E; , &#x926;&#x930;&#x93F;&#x92F;&#x93E;&#x917;&#x902;&#x91C; </subfield>
    <subfield code="b">&#x928;&#x908; &#x926;&#x93F;&#x932;&#x94D;&#x932;&#x940;  </subfield>
    <subfield code="e"> 110002 </subfield>
  </datafield>
  <datafield tag="300" ind1=" " ind2=" ">
    <subfield code="a">120 &#x92A;&#x943;&#x937;&#x94D;&#x920;</subfield>
    <subfield code="c">23cm (&#x938;&#x91C;&#x93F;&#x932;&#x94D;&#x926;) </subfield>
  </datafield>
  <datafield tag="942" ind1=" " ind2=" ">
    <subfield code="c">HN</subfield>
    <subfield code="h"> &#x915; </subfield>
    <subfield code="2">ddc</subfield>
    <subfield code="m">&#x92D;&#x93E;&#x930;&#x926;&#x94D;&#x935;&#x93E;</subfield>
  </datafield>
  <datafield tag="999" ind1=" " ind2=" ">
    <subfield code="c">198999</subfield>
    <subfield code="d">198999</subfield>
  </datafield>
  <datafield tag="952" ind1=" " ind2=" ">
    <subfield code="0">0</subfield>
    <subfield code="1">0</subfield>
    <subfield code="4">0</subfield>
    <subfield code="7">0</subfield>
    <subfield code="8">FIC</subfield>
    <subfield code="a">BN</subfield>
    <subfield code="b">BN</subfield>
    <subfield code="d">2023-11-07</subfield>
    <subfield code="e">DBAD/PUB</subfield>
    <subfield code="g">300.00</subfield>
    <subfield code="l">1</subfield>
    <subfield code="o"> &#x915;   &#x92D;&#x93E;&#x930;&#x926;&#x94D;&#x935;&#x93E;</subfield>
    <subfield code="p">HN-98620</subfield>
    <subfield code="r">2024-12-17 00:00:00</subfield>
    <subfield code="s">2024-11-14</subfield>
    <subfield code="t">1</subfield>
    <subfield code="v">300.00</subfield>
    <subfield code="w">2023-11-08</subfield>
    <subfield code="y">HN</subfield>
  </datafield>
</record>
